Managing international events (Record no. 395558)
[ view plain ]
| 000 -LEADER | |
|---|---|
| fixed length control field | 00531 a2200205 4500 |
| 005 - DATE & TIME | |
| control field | 20260206113635.0 |
| 008 - FIXED-LENGTH DATA ELEMENTS--GENERAL INFORMATION | |
| fixed length control field | 260206b |||||||| |||| 00| 0 eng d |
| 020 ## - ISBN | |
| International Standard Book Number | 9781138572775 |
| Price | £ 42.99 |
| 040 ## - CATALOGING SOURCE | |
| Original cataloging agency | VIVEKANANDA LIBRARY |
| 082 ## - DDC NUMBER | |
| Classification number | 394.2068 |
| Book Number | R952M |
| 100 ## - MAIN ENTRY--PERSONAL NAME | |
| Personal name | Ryan, W Gerard |
| 245 ## - TITLE STATEMENT | |
| Title | Managing international events |
| 260 ## - PUBLICATION, DISTRIBUTION, ETC. (IMPRINT) | |
| Name of publisher, distributor, etc | Routledge |
| Date of publication, distribution, etc | 2021 |
| Place of publication, distribution, etc | New York |
| 300 ## - PHYSICAL DESCRIPTION | |
| Pages | xix, 346 |
| 650 ## - Subject | |
| Subject | Public Occasions |
| 650 ## - Subject | |
| Subject | Ceremonies |
| 650 ## - Subject | |
| Subject | Festivals and Events |
| 650 ## - Subject | |
| Subject | International Events |
| 942 ## - ADDED ENTRY ELEMENTS (KOHA) | |
| Koha item type | Books |
| Withdrawn status | Lost status | Source of classification or shelving scheme | Damaged status | Not for loan | Location (home branch) | Sublocation or collection (holding branch) | Shelving location | Date acquired | Koha issues (times borrowed) | Koha full call number | Accession No. | Koha date last seen | Koha item type |
|---|---|---|---|---|---|---|---|---|---|---|---|---|---|
| Dewey Decimal Classification | VIVEKANANDA LIBRARY | VIVEKANANDA LIBRARY | IHTM Library | 21/01/2026 | 394.2068 R952M | 425188 | 21/01/2026 | Books |
